Приключения Одиссея (Запись № 13207944)

Подробности
000 -МАРКЕР
контрольное поле 01848nam0a2200409 4500
001 - ИДЕНТИФИКАТОР ЗАПИСИ
контрольное поле RU\NLR\BIBL_A\021948170
005 - ИДЕНТИФИКАТОР ВЕРСИИ
контрольное поле 20230619134734.0
010 ## - МЕЖДУНАРОДНЫЙ СТАНДАРТНЫЙ НОМЕР КНИГИ (ISBN)
Номер (ISBN) 978-5-08-007043-3
Тираж 3000
021 ## - НОМЕР ГОСУДАРСТВЕННОЙ РЕГИСТРАЦИИ
Код страны Российская Федерация
Номер КН-П-23-028775
Номер Листа государственной регистраци КН-П-23-2852
035 ## - ДРУГИЕ СИСТЕМНЫЕ НОМЕРА
Идентификатор записи (NLR Aleph) 021948170
035 ## - ДРУГИЕ СИСТЕМНЫЕ НОМЕРА
Идентификатор записи (RuMoRGB)011768355
100 ## - ДАННЫЕ ОБЩЕЙ ОБРАБОТКИ
Данные общей обработки 20230526d2023 u y0rusy50 ca
101 0# - ЯЗЫК РЕСУРСА
Язык текста, звукозаписи и т.д. русский
102 ## - СТРАНА ПУБЛИКАЦИИ ИЛИ ПРОИЗВОДСТВА
Страна публикации Российская Федерация
105 ## - ПОЛЕ КОДИРОВАННЫХ ДАННЫХ: ТЕКСТОВЫЕ МАТЕРИАЛЫ, МОНОГРАФИЧЕСКИЕ
Кодированные данные о монографическом текстовом документе ac z 000ay
181 #0 - ПОЛЕ КОДИРОВАННЫХ ДАННЫХ: ВИД СОДЕРЖАНИЯ
Код вида содержания (ISBD) i3
Код характеристики содержания (ISBD) axxe
181 #0 - ПОЛЕ КОДИРОВАННЫХ ДАННЫХ: ВИД СОДЕРЖАНИЯ
Код вида содержания (ISBD) b1
Код характеристики содержания (ISBD) xb2e
182 #1 - ПОЛЕ КОДИРОВАННЫХ ДАННЫХ: ТИП СРЕДСТВА
Код типа средства (ISBD) n - непосредственное
200 1# - ЗАГЛАВИЕ И СВЕДЕНИЯ ОБ ОТВЕТСТВЕННОСТИ
Основное заглавие Приключения Одиссея
Сведения, относящиеся к заглавию прозаический пересказ, введение Е. Тудоровской поэм Гомера "Илиада" и "Одиссея"
-- для среднего школьного возраста
Первые сведения об ответственности художник: В. Бритвин
203 ## - ВИД СОДЕРЖАНИЯ И ТИП СРЕДСТВА
Вид содержания Текст
-- Изображение
Дополнительные сведения об издании визуальные
Тип средства непосредственные
210 ## - ПУБЛИКАЦИЯ, РАСПРОСТРАНЕНИЕ И ДР.
Место издания, распространения и т.д. Москва
Имя издателя, распространителя и т. д. Детская литература
Дата издания, распространения и т.д. 2023
215 ## - ФИЗИЧЕСКАЯ ХАРАКТЕРИСТИКА
Специфическое обозначение материала и объем 220, [2] с.
Другие сведения о физической характеристике ил., портр.
Размеры 21
225 1# - СЕРИЯ
Основное заглавие серии Школьная библиотека
333 ## - ПРИМЕЧАНИЯ ОБ ОСОБЕННОСТЯХ РАСПРОСТРАНЕНИЯ И ИСПОЛЬЗОВАНИЯ
Текст примечания 6+
500 10 - УНИФИЦИРОВАННОЕ ЗАГЛАВИЕ
Связь между полями z22702
Унифицированное заглавие Одиссея
Системный номер авторитетной/нормативной записи 2631898
Идентификатор авторитетной / нормативной записи RU\NLR\AUTH\559897
500 10 - УНИФИЦИРОВАННОЕ ЗАГЛАВИЕ
Связь между полями z23702
Графика поля Кириллица
Унифицированное заглавие Илиада
Системный номер авторитетной/нормативной записи 2632025
Идентификатор авторитетной / нормативной записи RU\NLR\AUTH\5510024
686 0# - ИНДЕКСЫ ДРУГИХ КЛАССИФИКАЦИЙ
Индекс Ш9(0)62-4
702 #0 - ИМЯ ЛИЦА - ВТОРИЧНАЯ ОТВЕТСТВЕННОСТЬ
Связь между полями z22500
Графика поля Кириллица
Материалы, к которым относится поле rus
Начальный элемент ввода Гомер
Системный номер авторитетной/нормативной записи 119815
Идентификатор авторитетной/нормативной записи RU\NLR\AUTH\7710030
702 #0 - ИМЯ ЛИЦА - ВТОРИЧНАЯ ОТВЕТСТВЕННОСТЬ
Связь между полями z23500
Графика поля Кириллица
Материалы, к которым относится поле rus
Начальный элемент ввода Гомер
Системный номер авторитетной/нормативной записи 119815
Идентификатор авторитетной/нормативной записи RU\NLR\AUTH\7710030
702 #1 - ИМЯ ЛИЦА - ВТОРИЧНАЯ ОТВЕТСТВЕННОСТЬ
Код отношения Прочие
Графика поля Кириллица
Материалы, к которым относится поле rus
Начальный элемент ввода Тудоровская
Часть имени, кроме начального элемента ввода Е. А.
Даты 1904-1986
Расширение инициалов личного имени Елена Александровна
Системный номер авторитетной/нормативной записи 124069
Идентификатор авторитетной/нормативной записи RU\NLR\AUTH\7714396
702 #1 - ИМЯ ЛИЦА - ВТОРИЧНАЯ ОТВЕТСТВЕННОСТЬ
Код отношения Иллюстратор
Графика поля Кириллица
Материалы, к которым относится поле rus
Начальный элемент ввода Бритвин
Часть имени, кроме начального элемента ввода В. Г.
Дополнения к именам, кроме дат художник
Даты 1955-2023
Расширение инициалов личного имени Виктор Глебович
Системный номер авторитетной/нормативной записи 38384
Идентификатор авторитетной/нормативной записи RU\NLR\AUTH\7755452
942 ## - ДОПОЛНИТЕЛЬНЫЕ ЭЛЕМЕНТЫ ЗАПИСИ (АБИС)
Тип экземпляра АБИС Книга
980 ## - КОЛЛЕКЦИЯ
Название коллекции Национальная библиография
Экземпляры
Тип экземпляра Дата поступления Источник поступления Библиотека постоянного хранения Библиотека текущего хранения Место хранения Штрих-код Статус экземпляра Шифр хранения
Книга 26.05.2023 Обязательный экземпляр РНБ (Московский) РНБ (Московский) Обменный фонд 1-4256328    
Книга 26.05.2023 Обязательный экземпляр РНБ (Московский) РНБ (Московский) Русский книжный фонд: издания с 1957 года 1-4256329   2023-3/12214